000
00191 a2200097 4500
020
_a
9780395831540
041
_a
spa
100
_a
Canetti,Yanitzia
245
_a
El Coyote Catarin
942
_c
BK
999
_c
15000
_d
15000